Statistics for Countries Completely Above Sea Level

Click here to take the quiz!

General Stats

  • This quiz has been taken 66 times
  • The average score is 7 of 14

Answer Stats

Countries% Correct
Mongolia
79%
Switzerland
72%
Andorra
70%
Tajikistan
58%
Afghanistan
54%
Kyrgyzstan
47%
Rwanda
46%
Burundi
44%
Lesotho
44%
Uganda
44%
Zambia
35%
Armenia
30%
Botswana
30%
Kosovo
25%

Score Distribution

Percentile by Number Answered

Percent of People with Each Score

Your Score History

You have not taken this quiz